Canzoni di Totò (Le) (Record n. 100405)
[ formato base ]
| 000 -LEADER | |
|---|---|
| fixed length control field | 01791njm a2200301Ia 4500 |
| 001 - CONTROL NUMBER | |
| control field | E7844 |
| 003 - CONTROL NUMBER IDENTIFIER | |
| control field | IT-RoPAU |
| 005 - DATE AND TIME OF LATEST TRANSACTION | |
| control field | 20220918181129.0 |
| 008 - FIXED-LENGTH DATA ELEMENTS--GENERAL INFORMATION | |
| fixed length control field | 131025s9999 xx 000 0 und d |
| 040 ## - CATALOGING SOURCE | |
| Original cataloging agency | IT-RoPAU |
| 040 ## - CATALOGING SOURCE | |
| Transcribing agency | IT-RoPAU |
| 041 ## - LANGUAGE CODE | |
| Language code of text/sound track or separate title | ITALIANO |
| 999 ## - SYSTEM CONTROL NUMBERS (KOHA) | |
| Koha Dewey Subclass [OBSOLETE] | n.d. |
| 100 ## - MAIN ENTRY--PERSONAL NAME | |
| Personal name | De Curtis Antonio (=Totò ) |
| 9 (RLIN) | 32059 |
| 100 ## - MAIN ENTRY--PERSONAL NAME | |
| Relator term | Autore musica |
| 9 (RLIN) | 32060 |
| 100 ## - MAIN ENTRY--PERSONAL NAME | |
| Miscellaneous information | Codice autore musica SPICS: 25255 |
| 9 (RLIN) | 32061 |
| 245 ## - TITLE STATEMENT | |
| Title | Canzoni di Totò (Le) |
| 250 ## - EDITION STATEMENT | |
| Edition statement | 1a ed. |
| 260 ## - PUBLICATION, DISTRIBUTION, ETC. (IMPRINT) | |
| Place of publication, distribution, etc. | ITALIA |
| 260 ## - PUBLICATION, DISTRIBUTION, ETC. (IMPRINT) | |
| Name of publisher, distributor, etc. | POLYGRAM |
| Date of publication, distribution, etc. | 1997 [1a Ed.:1997 - Ed. Lingua Orig.: 1997] |
| 300 ## - PHYSICAL DESCRIPTION | |
| Extent | COMPACT DISC |
| 300 ## - PHYSICAL DESCRIPTION | |
| Dimensions | 47 minuti (Testo: pag.) |
| 500 ## - GENERAL NOTE | |
| General note | Musica leggera. Canzone italiana. Canzone napoletana. |
| 505 ## - FORMATTED CONTENTS NOTE | |
| Formatted contents note | Malafemmena [(1951) (Rondinella Giacomo)] - Le Lavandou [(1961)(Togliani Achille)] - Scettico napoletano (Gallo Nunzio) - Piccerella, piccerè [(1961) (Taranto Nino)] - Nemica [(1954) (Murolo Roberto)] - Con te [(1954) (Otto Natalino, Morosini Licia)] - Nel paese dei balocchi (Totò, Castellani Mario) - Marcello il bello [(1942) (Totò)] - Core analfabeta [(1955) (dal film "Uomini o caporali")] - Miss, mia cara miss (dal film "Totò a Parigi") - La mazurka di Totò (dal film "Totò le Mokò") - Geppina Gepi (dal film "Risate di gioia") - Veleno [(Totò e I Rokes) (dal film "Rita la figlia americana")] - La cammesella [(Stellato, Melber)(dal film "Siamo uomini o caporali")] - Il bel Ciccillo [(Capaldo, Trusiano) (dal film "Yvonne la nuit")] - Nun si na femmina [(Bonagura)(dal film "Totò terzo uomo")] - Margherita (dal film "L'allegro fantasma") - 'A livella. |
| 650 ## - SUBJECT ADDED ENTRY--TOPICAL TERM | |
| Topical term or geographic name as entry element | CANZONE [COMPACT DISC] |
| Relator term | Codice MATERIA SPICS: 9949 |
| 9 (RLIN) | 30149 |
| 700 ## - ADDED ENTRY--PERSONAL NAME | |
| Personal name | De Curtis Antonio (=Toto) |
| Miscellaneous information | Codice interprete SPICS: 25255 |
| Relator term | Interprete |
| 9 (RLIN) | 32062 |
| 942 ## - ADDED ENTRY ELEMENTS (KOHA) | |
| Koha item type | CD AUDIO |
| Source of classification or shelving scheme | Dewey Decimal Classification |
| Withdrawn status | Lost status | Damaged status | Not for loan | Home library | Current library | Date acquired | Total Checkouts | Full call number | Date last seen | Price effective from | Koha item type | Public note |
|---|---|---|---|---|---|---|---|---|---|---|---|---|
| Buone Condizioni | Not For Loan | SPICS-MEDIATECA | SPICS-MEDIATECA | 25/10/2013 | E7844 | 25/10/2013 | 25/10/2013 | CD AUDIO | Progr. Ins.: 2909 / N.Vol.: 1 / Copie: 1 - Copia rara: n.d. / date import: 01.01.2014 - By Epidotti, Trombetti, Vaglietti |